[Event "NOR-chT 1617"]
[Site "Norway"]
[Date "2016.10.30"]
[Round "3.5"]
[White "Brekke, Tore"]
[Black "Pettersen, Joar Gullestad"]
[Result "0-1"]
[WhiteElo "2006"]
[BlackElo "2077"]
[PlyCount "66"]
[EventDate "2016.10.28"]
[EventType "team-tourn"]
[EventRounds "9"]
[EventCountry "NOR"]
[SourceTitle "EXT 2018"]
[Source "ChessBase"]
[SourceDate "2017.10.13"]
[SourceVersion "1"]
[SourceVersionDate "2017.10.13"]
[SourceQuality "1"]
[WhiteTeam "SK 96"]
[BlackTeam "Stavanger"]
[WhiteTeamCountry "NOR"]
[BlackTeamCountry "NOR"]

1. e4 e6 2. d4 d5 3. e5 c5 4. c3 Nc6 5. Nf3 Bd7 6. Be2 Nge7 7. 0-0 Nf5 8. Be3 Be7 9. Nbd2 Qb6 10. Qb3 cxd4 11. Qxb6 axb6 12. Bxd4 Nfxd4 13. cxd4 f6 14. Nb3 0-0 15. a3 Be8 16. h3 Bh5 17. g4 Bg6 18. Rac1 Be4 19. Nfd2 Bg6 20. Nf3 Rf7 21. Nh4 fxe5 22. Nxg6 hxg6 23. dxe5 Rf4 24. Rcd1 Raa4 25. Bb5 Rae4 26. Bd3 Rxe5 27. Bxg6 Re2 28. Rd2 Rxd2 29. Nxd2 Ne5 30. Bc2 Bc5 31. Nb3 Bd6 32. Kg2 Kf7 33. Rd1 Nc4 0-1

[Event "NOR-chT 1516"]
[Site "Norway"]
[Date "2016.03.05"]
[Round "8.4"]
[White "Pettersen, Joar Gullestad"]
[Black "Gamback, Bjorn"]
[Result "0-1"]
[WhiteElo "2012"]
[BlackElo "2134"]
[PlyCount "74"]
[EventDate "2015.10.30"]
[EventType "team-tourn"]
[EventRounds "9"]
[EventCountry "NOR"]
[SourceTitle "EXT 2017"]
[Source "ChessBase"]
[SourceDate "2016.10.25"]
[SourceVersion "1"]
[SourceVersionDate "2016.10.25"]
[SourceQuality "1"]
[WhiteTeam "Stavanger"]
[BlackTeam "Trondheim"]
[WhiteTeamCountry "NOR"]
[BlackTeamCountry "NOR"]

1. e4 c5 2. Nf3 d6 3. d4 Nf6 4. Nc3 cxd4 5. Nxd4 g6 6. Be3 Bg7 7. f3 Nc6 8. Qd2 0-0 9. g4 Be6 10. Nxe6 fxe6 11. 0-0-0 Ne5 12. Be2 Rc8 13. Nb5 a6 14. Nd4 Qd7 15. h4 d5 16. Bh6 Bxh6 17. Qxh6 Nf7 18. Qd2 e5 19. Nb3 d4 20. Kb1 Qd6 21. Qd3 Rc7 22. f4 Rfc8 23. g5 Nd7 24. Rd2 exf4 25. Qxd4 Qxd4 26. Nxd4 Nc5 27. Bg4 Rd8 28. Re1 Ne5 29. Ne6 Rxd2 30. Kc1 Nxg4 31. Nxc7 Rd4 32. b4 Nxe4 33. c3 Rc4 34. Nd5 Nxc3 35. Nxe7+ Kf7 36. Kb2 Ne3 37. Kb3 Kxe7 0-1

[Event "Barcelona Sant Marti op-A 17th"]
[Site "Barcelona"]
[Date "2015.07.19"]
[Round "7"]
[White "Raja, Harshit"]
[Black "Pettersen, Joar Gullestad"]
[Result "1-0"]
[WhiteElo "2205"]
[BlackElo "1968"]
[PlyCount "83"]
[EventDate "2015.07.13"]
[EventType "swiss"]
[EventRounds "9"]
[EventCountry "ESP"]
[SourceTitle "CBM 167 Extra"]
[Source "ChessBase"]
[SourceDate "2015.09.14"]
[SourceVersion "1"]
[SourceVersionDate "2015.09.14"]
[SourceQuality "1"]

1. d4 e6 2. g3 f5 3. Bg2 Nf6 4. Nf3 d5 5. 0-0 Bd6 6. c4 c6 7. Qc2 Ne4 8. Nc3 0-0 9. Nxe4 fxe4 10. Ne1 Nd7 11. f3 exf3 12. Nxf3 Nf6 13. Bg5 Bd7 14. c5 Bc7 15. Ne5 Be8 16. Bh3 Qc8 17. Bxf6 gxf6 18. Rf4 Bxe5 19. dxe5 Bg6 20. Qc3 f5 21. Raf1 Qd7 22. e3 Rf7 23. Bg2 Raf8 24. Bf3 Qc7 25. h4 Rg7 26. Kh2 Qe7 27. Ra4 Kh8 28. Rxa7 f4 29. exf4 Rxf4 30. Ra8+ Rf8 31. Rxf8+ Qxf8 32. Bg2 Qe7 33. Bh3 Kg8 34. Rf6 Bf7 35. Qd4 Rg6 36. Qf4 Rxf6 37. exf6 Qxc5 38. Qb8+ Qf8 39. Qxb7 Qe8 40. Qe7 Qc8 41. b4 d4 42. Qd6 1-0

[Event "Barcelona Sant Marti op-A 17th"]
[Site "Barcelona"]
[Date "2015.07.18"]
[Round "6"]
[White "Pettersen, Joar Gullestad"]
[Black "Piasetski, Leon David"]
[Result "0-1"]
[WhiteElo "1968"]
[BlackElo "2289"]
[PlyCount "60"]
[EventDate "2015.07.13"]
[EventType "swiss"]
[EventRounds "9"]
[EventCountry "ESP"]
[SourceTitle "CBM 167 Extra"]
[Source "ChessBase"]
[SourceDate "2015.09.14"]
[SourceVersion "1"]
[SourceVersionDate "2015.09.14"]
[SourceQuality "1"]

1. e4 c5 2. Nf3 Nc6 3. d4 cxd4 4. Nxd4 Qb6 5. Nb3 Nf6 6. Nc3 e6 7. a3 Qc7 8. f4 d6 9. Be3 a6 10. Qe2 Be7 11. 0-0-0 b5 12. g4 Nd7 13. g5 Rb8 14. Qf2 b4 15. axb4 Rxb4 16. Kb1 0-0 17. h4 Na5 18. Rd4 Rb8 19. Nxa5 Qxa5 20. Na2 Bb7 21. Bd2 Qb6 22. Be3 Bxe4 23. Rb4 Qc6 24. Rh2 d5 25. Rxb8 Rxb8 26. Bd4 Bc5 27. Nc1 Qb6 28. Ne2 Qb3 29. Nc1 Qb4 30. Ne2 Qd2 0-1

[Event "Barcelona Sant Marti op-A 17th"]
[Site "Barcelona"]
[Date "2015.07.17"]
[Round "5"]
[White "Pettersen, Joar Gullestad"]
[Black "Satyapragyan, Swayangsu"]
[Result "1/2-1/2"]
[WhiteElo "1968"]
[BlackElo "2392"]
[PlyCount "51"]
[EventDate "2015.07.13"]
[EventType "swiss"]
[EventRounds "9"]
[EventCountry "ESP"]
[SourceTitle "CBM 167 Extra"]
[Source "ChessBase"]
[SourceDate "2015.09.14"]
[SourceVersion "1"]
[SourceVersionDate "2015.09.14"]
[SourceQuality "1"]

1. e4 c5 2. Nf3 e6 3. d4 cxd4 4. Nxd4 a6 5. Bd3 Nf6 6. 0-0 Qc7 7. h3 d6 8. c4 g6 9. Nc3 Bg7 10. Nf3 0-0 11. Bf4 Nh5 12. Be3 Nd7 13. Rc1 b6 14. Qd2 Bb7 15. Rfd1 Rad8 16. b4 f5 17. Be2 Bxc3 18. Qxc3 f4 19. Bd2 Ndf6 20. e5 Ne4 21. Qb2 dxe5 22. Be1 Rxd1 23. Rxd1 Rf5 24. Nh4 Rf8 25. Nf3 Rf5 26. Nh4 1/2-1/2

[Event "Barcelona Sant Marti op-A 17th"]
[Site "Barcelona"]
[Date "2015.07.16"]
[Round "4"]
[White "Deshpande, Aniruddha"]
[Black "Pettersen, Joar Gullestad"]
[Result "0-1"]
[WhiteElo "2268"]
[BlackElo "1968"]
[PlyCount "46"]
[EventDate "2015.07.13"]
[EventType "swiss"]
[EventRounds "9"]
[EventCountry "ESP"]
[SourceTitle "CBM 167 Extra"]
[Source "ChessBase"]
[SourceDate "2015.09.14"]
[SourceVersion "1"]
[SourceVersionDate "2015.09.14"]
[SourceQuality "1"]

1. e4 e6 2. d4 d5 3. Nd2 c5 4. exd5 Qxd5 5. Ngf3 cxd4 6. Bc4 Qd6 7. 0-0 Nf6 8. Nb3 Nc6 9. Nbxd4 Nxd4 10. Nxd4 a6 11. b3 Qc7 12. Bb2 Bd6 13. Nf3 b5 14. Bd3 Bb7 15. c4 0-0 16. h3 Rad8 17. Qe2 e5 18. Ng5 bxc4 19. bxc4 Qc6 20. f4 Bc5+ 21. Kh2 Rxd3 22. fxe5 Re3 23. Qc2 Ne4 0-1

[Event "NOR-ch Class1"]
[Site "Oslo"]
[Date "2015.07.10"]
[Round "8"]
[White "Svendsen, Per Gisle"]
[Black "Pettersen, Joar Gullestad"]
[Result "0-1"]
[WhiteElo "1808"]
[BlackElo "1934"]
[PlyCount "100"]
[EventDate "2015.07.04"]
[EventType "swiss"]
[EventRounds "9"]
[EventCountry "NOR"]
[SourceTitle "EXT 2017"]
[Source "ChessBase"]
[SourceDate "2016.10.25"]
[SourceVersion "1"]
[SourceVersionDate "2016.10.25"]
[SourceQuality "1"]

1. d4 e6 2. e4 d5 3. Nd2 c5 4. c3 cxd4 5. cxd4 Nc6 6. Ngf3 Be7 7. e5 Nh6 8. Bd3 Nf5 9. 0-0 0-0 10. Nb3 a5 11. Be3 Nb4 12. Bb1 b6 13. a3 Nc6 14. Qc2 Bd7 15. g4 Rc8 16. gxf5 Nxd4 17. Qd1 Nxf5 18. Qd3 g6 19. Nbd4 Nxe3 20. Qxe3 Bc5 21. Qh6 f6 22. Nb3 Bb5 23. Nxc5 bxc5 24. Re1 Rc7 25. a4 Ba6 26. Ra3 d4 27. Be4 c4 28. Qh4 f5 29. Qxd8 Rxd8 30. Bb1 h6 31. Rd1 d3 32. Rc3 Rb7 33. Ba2 Rb4 34. b3 cxb3 35. Bxb3 Rb6 36. Ne1 d2 37. Nf3 Rdb8 38. Nxd2 Rd8 39. Nc4 Rxd1+ 40. Bxd1 Rb1 41. Ne3 f4 42. Rb3 Ra1 43. Ng4 Rxd1+ 44. Kg2 g5 45. Rb6 Bc4 46. Rd6 Bd5+ 47. Kh3 Rd3+ 48. f3 Rxf3+ 49. Kg2 Rg3+ 50. Kf2 Rxg4 0-1

[Event "Fagernes Norsk op-B"]
[Site "Fagernes"]
[Date "2015.03.29"]
[Round "8"]
[White "Pettersen, Joar Gullestad"]
[Black "Berntsen Oybo, August"]
[Result "1/2-1/2"]
[WhiteElo "1979"]
[BlackElo "1717"]
[PlyCount "125"]
[EventDate "2015.03.29"]
[EventType "swiss"]
[EventRounds "9"]
[EventCountry "NOR"]
[SourceTitle "EXT 2016"]
[Source "ChessBase"]
[SourceDate "2015.10.08"]
[SourceVersion "1"]
[SourceVersionDate "2015.10.08"]
[SourceQuality "1"]

1. Nf3 d5 2. c4 e6 3. b3 Nf6 4. g3 d4 5. Bg2 c5 6. 0-0 Nc6 7. d3 Bd6 8. e3 0-0 9. exd4 cxd4 10. Na3 a6 11. Nc2 e5 12. Re1 Re8 13. a3 a5 14. h3 h6 15. Bb2 Rb8 16. Bc1 Be6 17. Rb1 Qc7 18. b4 b6 19. Re2 Nd7 20. Bd2 f6 21. Nh4 Nf8 22. Kh2 Ne7 23. Qf1 Bxc4 24. dxc4 d3 25. Ree1 dxc2 26. Rbc1 axb4 27. axb4 Nc6 28. Bxc6 Qxc6 29. Rxc2 Ne6 30. Qd3 Ng5 31. Qd5+ Qxd5 32. cxd5 Rbc8 33. Rec1 Rxc2 34. Rxc2 Ne4 35. Be1 Bf8 36. Nf5 g6 37. Ne3 b5 38. Kg2 Nd6 39. Ng4 Kf7 40. Rc7+ Re7 41. Rc6 Rd7 42. Bc3 h5 43. Nxf6 Kxf6 44. f4 Kf5 45. fxe5 Ne4 46. g4+ hxg4 47. hxg4+ Kxg4 48. d6 Kf5 49. Bd4 Ke6 50. Rc8 Rf7 51. Re8+ Kd7 52. Rb8 Bg7 53. Rxb5 Nxd6 54. Rd5 Bf8 55. exd6 Bxd6 56. Be5 Ke6 57. Rxd6+ Kxe5 58. Rxg6 Rb7 59. Rg4 Kd5 60. Kf3 Re7 61. Rf4 Re8 62. Rh4 Re7 63. Rf4 1/2-1/2

[Event "NOR-chT 1415"]
[Site "Norway"]
[Date "2015.01.09"]
[Round "4.6"]
[White "Johansen, Terje"]
[Black "Pettersen, Joar Gullestad"]
[Result "0-1"]
[WhiteElo "2233"]
[BlackElo "1965"]
[PlyCount "80"]
[EventDate "2014.10.31"]
[EventType "team-tourn"]
[EventRounds "11"]
[EventCountry "NOR"]
[SourceTitle "EXT 2016"]
[Source "ChessBase"]
[SourceDate "2015.10.08"]
[SourceVersion "1"]
[SourceVersionDate "2015.10.08"]
[SourceQuality "1"]
[WhiteTeam "SOSS"]
[BlackTeam "Stavanger"]
[WhiteTeamCountry "NOR"]
[BlackTeamCountry "NOR"]

1. f4 Nf6 2. Nf3 d5 3. g3 c6 4. Bg2 Qb6 5. Nc3 g6 6. Ne5 Nbd7 7. d4 Bg7 8. a4 a5 9. Ra3 0-0 10. Rb3 Qc7 11. 0-0 Rd8 12. h3 Ne8 13. Qe1 Ndf6 14. g4 Nd6 15. Be3 Nfe4 16. Nd1 b5 17. Nc3 b4 18. Nd1 Ba6 19. Bf2 Rac8 20. Re3 Nxf2 21. Qxf2 e6 22. c3 c5 23. Rg3 cxd4 24. cxd4 Qc2 25. Nd3 Qxa4 26. Nc5 Qb5 27. Re1 Bxd4 28. Qxd4 Qxc5 29. Qxc5 Rxc5 30. Ne3 Rdc8 31. f5 Rc1 32. Rxc1 Rxc1+ 33. Kf2 d4 34. Nf1 Rc2 35. fxe6 Rxe2+ 36. Kg1 fxe6 37. b3 Kg7 38. Nh2 d3 39. Bf1 d2 40. Bxe2 Bxe2 0-1

[Event "Sunningdale e2e4 op 04"]
[Site "Ascot"]
[Date "2014.04.20"]
[Round "7"]
[White "Gibson, Christopher A"]
[Black "Pettersen, Joar Gullestad"]
[Result "1/2-1/2"]
[WhiteElo "2020"]
[BlackElo "1987"]
[PlyCount "37"]
[EventDate "2014.04.17"]
[EventType "swiss"]
[EventRounds "9"]
[EventCountry "ENG"]
[SourceTitle "CBM 159 Extra"]
[Source "ChessBase"]
[SourceDate "2014.04.24"]
[SourceVersion "1"]
[SourceVersionDate "2014.04.24"]
[SourceQuality "1"]

1. e4 e6 2. d4 d5 3. e5 c5 4. c3 Nc6 5. Nf3 Bd7 6. Be2 Qb6 7. 0-0 Nh6 8. Na3 Nf5 9. Nc2 Be7 10. dxc5 Bxc5 11. b4 Be7 12. a3 Qc7 13. Bf4 h6 14. Ncd4 Nfxd4 15. cxd4 Qb6 16. Rb1 Nd8 17. Bd2 Bb5 18. Bxb5+ Qxb5 19. a4 1/2-1/2

[Event "Sunningdale e2e4 op 04"]
[Site "Ascot"]
[Date "2014.04.19"]
[Round "4"]
[White "Grieve, Harry"]
[Black "Pettersen, Joar Gullestad"]
[Result "1-0"]
[WhiteElo "1683"]
[BlackElo "1987"]
[PlyCount "106"]
[EventDate "2014.04.17"]
[EventType "swiss"]
[EventRounds "9"]
[EventCountry "ENG"]
[SourceTitle "CBM 159 Extra"]
[Source "ChessBase"]
[SourceDate "2014.04.24"]
[SourceVersion "1"]
[SourceVersionDate "2014.04.24"]
[SourceQuality "1"]

1. e4 c6 2. d4 d5 3. Nc3 g6 4. Nf3 Bg7 5. Be2 Bg4 6. Be3 Nf6 7. e5 Nfd7 8. h3 Bxf3 9. gxf3 e6 10. Nb1 c5 11. c3 Nc6 12. f4 Qb6 13. Qc1 Bf8 14. Qd2 Rc8 15. h4 h5 16. f3 Be7 17. Kf2 a6 18. Kg2 cxd4 19. cxd4 Bb4 20. Nc3 Ne7 21. Rhd1 Nf5 22. Bf2 Be7 23. Kh3 Qd8 24. Qe1 Bb4 25. Rac1 Qa5 26. Rd3 0-0 27. a3 Bxc3 28. Rdxc3 Rxc3 29. Qxc3 Qxc3 30. Rxc3 Nb8 31. Bd3 Nc6 32. Bxa6 Ncxd4 33. Bxd4 Nxd4 34. Bxb7 Rb8 35. Rc8+ Rxc8 36. Bxc8 Nxf3 37. Kg3 Nd4 38. b4 Kf8 39. a4 Ke7 40. b5 Kd8 41. Ba6 Kc7 42. a5 Nf5+ 43. Kf2 Nxh4 44. b6+ Kb8 45. Bb5 Kb7 46. Be8 Nf5 47. Bxf7 Nd4 48. Ke3 Nf5+ 49. Kd3 h4 50. Bxe6 d4 51. Kc4 h3 52. Kb5 d3 53. a6+ Kb8 1-0

[Event "Hastings Masters op 89th"]
[Site "Hastings"]
[Date "2013.12.31"]
[Round "4"]
[White "Prosviriakov, Vladimir"]
[Black "Pettersen, Joar Gullestad"]
[Result "0-1"]
[WhiteElo "2282"]
[BlackElo "2013"]
[PlyCount "102"]
[EventDate "2013.12.28"]
[EventType "swiss"]
[EventRounds "9"]
[EventCountry "ENG"]
[SourceTitle "CBM 158 Extra"]
[Source "ChessBase"]
[SourceDate "2014.02.28"]
[SourceVersion "1"]
[SourceVersionDate "2014.02.28"]
[SourceQuality "1"]

1. d4 Nf6 2. Nf3 c5 3. e3 b6 4. Bd3 g6 5. 0-0 Bg7 6. c4 0-0 7. Nc3 d6 8. b3 Nbd7 9. Bb2 Bb7 10. Qc2 Bxf3 11. gxf3 cxd4 12. exd4 Nh5 13. Be4 Rc8 14. Qd2 e5 15. Ne2 Qh4 16. Kh1 Bh6 17. Qxh6 Ng3+ 18. fxg3 Qxh6 19. f4 Nf6 20. Bg2 Ng4 21. h3 Ne3 22. Rf2 Nxg2 23. Kxg2 f6 24. Nc3 exf4 25. Rxf4 Rce8 26. Raf1 f5 27. R4f2 Qe3 28. Nd5 Qd3 29. Ba3 Qe4+ 30. Kh2 Rd8 31. Bc1 Kg7 32. Nf4 Rfe8 33. d5 Kg8 34. Bd2 Rc8 35. h4 b5 36. cxb5 Rc2 37. Kh3 Rec8 38. Re1 Qd4 39. Ree2 Qb2 40. Bb4 Qxa2 41. Bxd6 Qb1 42. Rxc2 Rxc2 43. Rxc2 Qxc2 44. Bb8 Qc5 45. Kg2 Qb6 46. Be5 Qxb5 47. Kf2 a5 48. Kg2 Kf7 49. Bc7 Qxb3 50. d6 Qc2+ 51. Kf3 a4 0-1

[Event "Politiken Cup 35th"]
[Site "Helsingor"]
[Date "2013.08.02"]
[Round "8"]
[White "Fossan, Petter"]
[Black "Pettersen, Joar Gullestad"]
[Result "1-0"]
[WhiteElo "2245"]
[BlackElo "1944"]
[PlyCount "83"]
[EventDate "2013.07.27"]
[EventType "swiss"]
[EventRounds "10"]
[EventCountry "DEN"]
[SourceTitle "CBM 155 Extra"]
[Source "ChessBase"]
[SourceDate "2013.08.26"]
[SourceVersion "1"]
[SourceVersionDate "2013.08.26"]
[SourceQuality "1"]

1. e4 c6 2. d4 d5 3. e5 Bf5 4. Nf3 e6 5. Be2 Nd7 6. 0-0 Ne7 7. Nh4 Bg6 8. Bg5 Qb6 9. Nc3 Nf5 10. Nxf5 Bxf5 11. Rb1 Bg6 12. Qd2 a6 13. b4 h6 14. Na4 Qc7 15. Bf4 b5 16. Nc5 Be7 17. Rb3 Nxc5 18. bxc5 Qd8 19. Rh3 Bf5 20. g4 Bh7 21. Be3 Kd7 22. f4 Be4 23. Bd3 Bxd3 24. Qxd3 Qa5 25. f5 Rag8 26. a3 Qa4 27. fxe6+ fxe6 28. Rhf3 Rf8 29. Kg2 Qc4 30. Qg6 Rxf3 31. Rxf3 Qe2+ 32. Bf2 Rf8 33. Rxf8 Bxf8 34. Qf7+ Be7 35. Qxg7 Ke8 36. Qg6+ Kd7 37. Qg7 Ke8 38. Kg3 Bh4+ 39. Kxh4 Qxf2+ 40. Kh5 Qxh2+ 41. Kg6 Qxc2+ 42. Kf6 1-0

[Event "Barcelona Sant Marti op-A 15th"]
[Site "Barcelona"]
[Date "2013.07.20"]
[Round "8"]
[White "Capellades Subirana, Marc"]
[Black "Pettersen, Joar Gullestad"]
[Result "1-0"]
[WhiteElo "2260"]
[BlackElo "1944"]
[PlyCount "87"]
[EventDate "2013.07.13"]
[EventType "swiss"]
[EventRounds "9"]
[EventCountry "ESP"]
[SourceTitle "CBM 155 Extra"]
[Source "ChessBase"]
[SourceDate "2013.08.26"]
[SourceVersion "1"]
[SourceVersionDate "2013.08.26"]
[SourceQuality "1"]

1. e4 e6 2. d4 d5 3. e5 c5 4. c3 Nc6 5. Nf3 Bd7 6. Bd3 Rc8 7. 0-0 cxd4 8. cxd4 Nb4 9. Nc3 Nxd3 10. Qxd3 a6 11. Re1 Bc6 12. Ng5 Nh6 13. Nxh7 Nf5 14. Nxf8 Qh4 15. h3 Qxd4 16. Qxd4 Nxd4 17. Nxe6 fxe6 18. Rb1 Nf5 19. Bg5 Nd4 20. Rbd1 Nb5 21. Ne2 Bd7 22. Rc1 Kf7 23. Be3 Nc7 24. Nd4 Na8 25. Nb3 b6 26. Nd4 Rc5 27. Nf3 Rcc8 28. Ng5+ Kg6 29. f4 b5 30. g4 Rc4 31. b3 Rxc1 32. Rxc1 Rc8 33. Rxc8 Bxc8 34. Kf2 a5 35. h4 a4 36. h5+ Kh6 37. Nxe6 Bxe6 38. f5+ Kh7 39. fxe6 Nc7 40. e7 Kg8 41. e6 g6 42. Bf4 Ne8 43. Be5 Kh7 44. Kg3 1-0

[Event "Barcelona Sant Marti op-A 15th"]
[Site "Barcelona"]
[Date "2013.07.14"]
[Round "2"]
[White "Posada Zuluaga, Juan Manuel"]
[Black "Pettersen, Joar Gullestad"]
[Result "0-1"]
[WhiteElo "2099"]
[BlackElo "1944"]
[PlyCount "126"]
[EventDate "2013.07.13"]
[EventType "swiss"]
[EventRounds "9"]
[EventCountry "ESP"]
[SourceTitle "CBM 155 Extra"]
[Source "ChessBase"]
[SourceDate "2013.08.26"]
[SourceVersion "1"]
[SourceVersionDate "2013.08.26"]
[SourceQuality "1"]

1. e4 e5 2. Nf3 Nc6 3. d4 exd4 4. c3 d5 5. exd5 Qxd5 6. cxd4 Bg4 7. Be2 0-0-0 8. Be3 Qh5 9. Nc3 Bd6 10. Qa4 Qa5 11. Qxa5 Nxa5 12. 0-0 Bxf3 13. Bxf3 Nc4 14. Rac1 a6 15. Nd5 Nxe3 16. fxe3 f6 17. Rc3 Kb8 18. Rfc1 c6 19. Nb6 Ne7 20. Na4 Rhe8 21. g3 Bc7 22. Nc5 Nd5 23. Bxd5 Rxd5 24. Rb3 b6 25. Nxa6+ Kb7 26. Nb4 Rb5 27. a4 Ra5 28. Rxc6 Rxa4 29. Rc2 Ra1+ 30. Kf2 Rh1 31. Kg2 Re1 32. Nd5 Bd8 33. Kf3 f5 34. Re2 Rf1+ 35. Kg2 Rd1 36. Kf2 g6 37. Nf4 Rh1 38. Kg2 Rd1 39. Nd3 Bf6 40. Kf2 Rh1 41. Kf3 Bg5 42. Ne5 Rf1+ 43. Kg2 Rd1 44. Rc2 Re6 45. Rbc3 Re7 46. Kf2 Rh1 47. Nf3 Bh6 48. Rd3 g5 49. Kg2 Ra1 50. d5 g4 51. Nd4 Rxe3 52. Rxe3 Bxe3 53. Ne2 Rd1 54. h3 Rxd5 55. hxg4 fxg4 56. Nc3 Re5 57. Ne2 h5 58. Rc3 Bd2 59. Rd3 Rxe2+ 60. Kf1 Re1+ 61. Kf2 Ba5 62. Rd5 Rh1 63. Kg2 Rh3 0-1

[Event "Oslo Nordstrand op"]
[Site "Oslo"]
[Date "2013.04.14"]
[Round "5"]
[White "Pettersen, Joar Gullestad"]
[Black "Haug, Johannes"]
[Result "1/2-1/2"]
[WhiteElo "1981"]
[BlackElo "2002"]
[PlyCount "45"]
[EventDate "2013.04.12"]
[EventType "swiss"]
[EventRounds "5"]
[EventCountry "NOR"]
[SourceTitle "EXT 2015"]
[Source "ChessBase"]
[SourceDate "2014.11.20"]
[SourceVersion "1"]
[SourceVersionDate "2014.11.20"]
[SourceQuality "1"]

1. Nf3 Nf6 2. g3 g6 3. Bg2 Bg7 4. 0-0 0-0 5. d4 d5 6. c4 c6 7. cxd5 cxd5 8. Nc3 Ne4 9. Nxe4 dxe4 10. Ne5 Bf5 11. g4 Bxe5 12. dxe5 Qxd1 13. Rxd1 Bxg4 14. Bxe4 Nc6 15. f3 Bh3 16. Bxc6 bxc6 17. Be3 f6 18. Bd4 fxe5 19. Bxe5 Rf5 20. f4 g5 21. e3 Bg4 22. Rd2 Bf3 23. Kf2 1/2-1/2

[Event "Oslo Nordstrand op"]
[Site "Oslo"]
[Date "2013.04.13"]
[Round "2"]
[White "Pettersen, Joar Gullestad"]
[Black "Lillevold, Frode"]
[Result "0-1"]
[WhiteElo "1981"]
[BlackElo "2169"]
[PlyCount "90"]
[EventDate "2013.04.12"]
[EventType "swiss"]
[EventRounds "5"]
[EventCountry "NOR"]
[SourceTitle "CBM 154 Extra"]
[Source "ChessBase"]
[SourceDate "2013.06.25"]
[SourceVersion "2"]
[SourceVersionDate "2013.06.25"]
[SourceQuality "1"]

1. d4 d5 2. c4 e6 3. Nf3 c6 4. g3 dxc4 5. Bg2 b5 6. Ne5 Bb7 7. 0-0 f6 8. Nf3 Bd6 9. Nc3 Ne7 10. Ne4 Na6 11. Nxd6+ Qxd6 12. Bf4 Qd7 13. b3 cxb3 14. axb3 0-0 15. e4 c5 16. d5 exd5 17. exd5 Nxd5 18. Rxa6 Bxa6 19. Ne5 fxe5 20. Bxd5+ Kh8 21. Bxa8 Qxd1 22. Rxd1 exf4 23. Ra1 Rxa8 24. Rxa6 Rc8 25. Rxa7 c4 26. bxc4 bxc4 27. Kg2 c3 28. Ra1 c2 29. Rc1 fxg3 30. fxg3 g5 31. Kf3 Kg7 32. Ke4 Kf6 33. Rf1+ Ke6 34. Rc1 g4 35. Kd4 Kd6 36. Ke4 Rc4+ 37. Ke3 Kd5 38. Kd3 Rc7 39. Ke3 Rc3+ 40. Ke2 Kd4 41. Kd2 Rc7 42. Rxc2 Rxc2+ 43. Kxc2 Ke3 44. Kd1 Kf3 45. Ke1 Kg2 0-1

[Event "Politiken Cup 34th"]
[Site "Helsingor"]
[Date "2012.08.04"]
[Round "9"]
[White "Eriksson, Christian Altenburg"]
[Black "Pettersen, Joar Gullestad"]
[Result "1-0"]
[WhiteElo "2106"]
[BlackElo "2007"]
[PlyCount "29"]
[EventDate "2012.07.28"]
[EventType "swiss"]
[EventRounds "10"]
[EventCountry "DEN"]
[SourceTitle "CBM 149 Extra"]
[Source "ChessBase"]
[SourceDate "2012.08.24"]
[SourceVersion "1"]
[SourceVersionDate "2012.08.24"]
[SourceQuality "1"]

1. e4 c5 2. c3 Nf6 3. e5 Nd5 4. Nf3 e6 5. d4 cxd4 6. cxd4 b6 7. Bc4 Ba6 8. Bxd5 exd5 9. a3 Be7 10. Nc3 0-0 11. Nxd5 Nc6 12. Be3 Rc8 13. Rc1 f6 14. Qa4 Bd3 15. Qb3 1-0

[Event "Politiken Cup 34th"]
[Site "Helsingor"]
[Date "2012.08.02"]
[Round "7"]
[White "Pettersen, Joar Gullestad"]
[Black "Nielsen, Michael1111"]
[Result "0-1"]
[WhiteElo "2007"]
[BlackElo "2127"]
[PlyCount "90"]
[EventDate "2012.07.28"]
[EventType "swiss"]
[EventRounds "10"]
[EventCountry "DEN"]
[SourceTitle "CBM 149 Extra"]
[Source "ChessBase"]
[SourceDate "2012.08.24"]
[SourceVersion "1"]
[SourceVersionDate "2012.08.24"]
[SourceQuality "1"]

1. e4 c5 2. Nf3 d6 3. d4 cxd4 4. Nxd4 Nf6 5. Nc3 a6 6. h3 e5 7. Nde2 Nc6 8. g4 Be7 9. Bg2 Be6 10. Be3 Qa5 11. 0-0 h5 12. g5 Nh7 13. Qd2 f6 14. f4 fxg5 15. fxg5 h4 16. a3 Qd8 17. Nd5 Bxg5 18. Bxg5 Nxg5 19. Nc7+ Qxc7 20. Qxg5 Qe7 21. Qd2 g5 22. Nc3 0-0-0 23. Nd5 Qg7 24. Qc3 g4 25. Kh1 Kb8 26. Nf6 gxh3 27. Bxh3 Bxh3 28. Qxh3 Qg3 29. Rf3 Qg6 30. Rg1 Qh6 31. c3 Ka8 32. Rg2 Ne7 33. Nd7 Qc1+ 34. Kh2 Rhg8 35. Nf6 Rg3 36. Rgxg3 hxg3+ 37. Kxg3 Ng6 38. Rf2 Nf4 39. Qf1 Qe3+ 40. Rf3 Qc5 41. Qf2 Qc8 42. Ng4 Nh5+ 43. Kh3 Rh8 44. Qg1 Nf4+ 45. Kg3 Ne2+ 0-1